[Event "SLO-chT1 Ost"]
[Site "Sentjur"]
[Date "2010.11.19"]
[Round "6"]
[White "Virtic, Samo"]
[Black "Kranjec, Toni"]
[Result "0-1"]
[WhiteElo "1918"]
[BlackElo "2000"]
[PlyCount "37"]
[EventDate "2010.11.04"]
[EventType "team-tourn"]
[EventRounds "9"]
[EventCountry "SLO"]
[SourceTitle "EXT 2022"]
[Source "ChessBase"]
[SourceDate "2021.10.06"]
[SourceVersion "1"]
[SourceVersionDate "2021.10.06"]
[SourceQuality "1"]
[WhiteTeam "Maribor Kovinar Nova"]
[BlackTeam "Hoce"]
[WhiteTeamCountry "SLO"]
[BlackTeamCountry "SLO"]

1. e4 e5 2. Nf3 Nc6 3. Bc4 Bc5 4. c3 Qf6 5. d4 exd4 6. e5 Qg6 7. 0-0 d6 8. cxd4 Bb6 9. Re1 dxe5 10. d5 Nce7 11. Nxe5 Qd6 12. Bb5+ Kf8 13. Qh5 g6 14. Bh6+ Nxh6 15. Qxh6+ Kg8 16. Nc3 Nf5 17. Qd2 Kg7 18. Ng4 c6 19. Bc4 0-1

[Event "SLO-chT1 West"]
[Site "Sentjur"]
[Date "2009.11.07"]
[Round "8"]
[White "Virtic, Samo"]
[Black "Kovacic, Niko"]
[Result "1/2-1/2"]
[WhiteElo "1940"]
[BlackElo "1522"]
[PlyCount "31"]
[EventDate "2009.10.22"]
[EventType "team-tourn"]
[EventRounds "9"]
[EventCountry "SLO"]
[SourceTitle "EXT 2010"]
[Source "ChessBase"]
[SourceDate "2010.11.25"]
[SourceVersion "1"]
[SourceVersionDate "2010.11.25"]
[SourceQuality "1"]

1. e4 c5 2. Nf3 d6 3. d4 cxd4 4. Nxd4 Nc6 5. Nc3 Nf6 6. Be2 g6 7. 0-0 Bg7 8. Be3 0-0 9. Qd2 Bd7 10. f4 a6 11. a4 Ng4 12. Bxg4 Bxg4 13. Rab1 Rb8 14. b4 Bd7 15. Nf3 Bg4 16. h3 1/2-1/2

[Event "SLO-chT1 West"]
[Site "Sentjur"]
[Date "2009.10.25"]
[Round "4"]
[White "Virtic, Samo"]
[Black "Cmor, Nino"]
[Result "1/2-1/2"]
[WhiteElo "1940"]
[BlackElo "1867"]
[PlyCount "21"]
[EventDate "2009.10.22"]
[EventType "team-tourn"]
[EventRounds "9"]
[EventCountry "SLO"]
[SourceTitle "EXT 2010"]
[Source "ChessBase"]
[SourceDate "2010.11.25"]
[SourceVersion "1"]
[SourceVersionDate "2010.11.25"]
[SourceQuality "1"]

1. e4 c5 2. Nf3 d6 3. d4 cxd4 4. Nxd4 Nf6 5. Nc3 a6 6. Be2 e5 7. Nf3 Be7 8. 0-0 0-0 9. Bg5 Be6 10. Bxf6 Bxf6 11. Nd5 1/2-1/2

[Event "SLO-chT1 East"]
[Site "Celje"]
[Date "2008.12.19"]
[Round "6"]
[White "Virtic, Samo"]
[Black "Vidic, Branko"]
[Result "0-1"]
[WhiteElo "1949"]
[BlackElo "1956"]
[PlyCount "94"]
[EventDate "2008.11.20"]
[EventType "team-tourn"]
[EventRounds "9"]
[EventCountry "SLO"]
[SourceTitle "EXT 2010"]
[Source "ChessBase"]
[SourceDate "2010.11.25"]
[SourceVersion "1"]
[SourceVersionDate "2010.11.25"]
[SourceQuality "1"]

1. e4 c5 2. Nf3 d6 3. d4 cxd4 4. Nxd4 Nf6 5. Nc3 a6 6. a4 e6 7. Be2 Be7 8. 0-0 0-0 9. Be3 Nc6 10. Rb1 Qc7 11. Qd2 Bd7 12. Bf3 Ne5 13. Be2 Rac8 14. Bd3 Neg4 15. h3 Nxe3 16. Qxe3 e5 17. Nf3 Be6 18. Rfd1 Nh5 19. Kh2 Nf4 20. Nd5 Bxd5 21. exd5 Nxd3 22. cxd3 f5 23. b4 Qc2 24. a5 Qa2 25. Qb6 Qxd5 26. b5 Bd8 27. Qa7 axb5 28. a6 bxa6 29. Qxa6 Rb8 30. Rbc1 Rb6 31. Qc8 b4 32. Qc4 Qf7 33. Rb1 Qxc4 34. dxc4 b3 35. Rd5 Bf6 36. Nd2 Rfb8 37. Rd1 g6 38. Nb1 e4 39. g3 Be7 40. Kg2 Rc6 41. Rb5 Rxb5 42. cxb5 Rb6 43. Nc3 Kf7 44. Rd5 Ke6 45. Rd1 b2 46. Ne2 Bf6 47. Nf4+ Kf7 0-1

[Event "SLO-chT1 East"]
[Site "Celje"]
[Date "2008.12.14"]
[Round "5"]
[White "Brusnjak, Saso"]
[Black "Virtic, Samo"]
[Result "1-0"]
[WhiteElo "1978"]
[BlackElo "1949"]
[PlyCount "102"]
[EventDate "2008.11.20"]
[EventType "team-tourn"]
[EventRounds "9"]
[EventCountry "SLO"]
[SourceTitle "EXT 2010"]
[Source "ChessBase"]
[SourceDate "2010.11.25"]
[SourceVersion "1"]
[SourceVersionDate "2010.11.25"]
[SourceQuality "1"]

1. d4 d5 2. Nf3 Nf6 3. c4 e6 4. Nc3 Be7 5. e3 b6 6. Bd3 Bb7 7. 0-0 0-0 8. Ne5 c5 9. cxd5 exd5 10. Ne2 Nc6 11. Bd2 Nxe5 12. dxe5 Ng4 13. f4 d4 14. e4 c4 15. Bxc4 d3 16. Ng3 Bc5+ 17. Kh1 Qh4 18. h3 Nxe5 19. Nf5 Qf6 20. fxe5 Qxe5 21. Qg4 Qxb2 22. Rab1 Qe5 23. Nh6+ Kh8 24. Nxf7+ Rxf7 25. Rxf7 Bxe4 26. Re1 Re8 27. Qxe4 Qxe4 28. Rxe4 Rxe4 29. Rd7 Rd4 30. Rxd4 Bxd4 31. Bxd3 h6 32. g4 g5 33. Kg2 Kg7 34. Kf3 Kf6 35. Ke4 Bb2 36. Bb4 Ke6 37. Bf8 Kf6 38. Kd5 Kf7 39. Bxh6 Bf6 40. Kc6 Be7 41. Kb7 a5 42. a4 Bd8 43. Bc4+ Kf6 44. Bf8 Ke5 45. Kc6 Kd4 46. Bb5 Ke4 47. Bd6 Kf3 48. Bc7 Be7 49. Bxb6 Bb4 50. Bf1 Kg3 51. Kb5 Bd2 1-0

[Event "SLO-chT1 East"]
[Site "Celje"]
[Date "2007.11.13"]
[Round "3"]
[White "Kodela, Matjaz"]
[Black "Virtic, Samo"]
[Result "1/2-1/2"]
[WhiteElo "2011"]
[BlackElo "1959"]
[PlyCount "86"]
[EventDate "2007.11.11"]
[EventType "team-tourn"]
[EventRounds "9"]
[EventCountry "SLO"]
[SourceTitle "EXT 2010"]
[Source "ChessBase"]
[SourceDate "2010.11.25"]
[SourceVersion "1"]
[SourceVersionDate "2010.11.25"]
[SourceQuality "1"]

1. d4 d5 2. c4 e6 3. Nc3 Nf6 4. Bf4 Be7 5. e3 0-0 6. Nf3 c5 7. Be2 Nc6 8. 0-0 Ne4 9. Qc2 f5 10. Rad1 Bf6 11. h3 cxd4 12. exd4 g5 13. Be5 g4 14. hxg4 fxg4 15. Nxe4 dxe4 16. Ne1 Bxe5 17. dxe5 Qg5 18. Qxe4 Rf4 19. Qe3 Nxe5 20. g3 Rf5 21. Qxg5+ Rxg5 22. Rd8+ Kg7 23. Ng2 Nf7 24. Rd2 e5 25. Ne3 Be6 26. Rc1 Rf8 27. b4 e4 28. c5 Ne5 29. Kg2 Rg6 30. a3 Rgf6 31. Bc4 Bxc4 32. Nxc4 Nd3 33. Rf1 h5 34. Re2 h4 35. Rxe4 Nxf2 36. Re7+ Kg6 37. gxh4 Nd3 38. Rxf6+ Rxf6 39. Re3 Nf4+ 40. Kg3 Nh5+ 41. Kg2 g3 42. Rf3 Re6 43. Re3 Rf6 1/2-1/2

[Event "SLO-chT1 East"]
[Site "Celje"]
[Date "2006.11.06"]
[Round "3"]
[White "Virtic, Samo"]
[Black "Grilc, Andrej"]
[Result "0-1"]
[WhiteElo "1964"]
[BlackElo "2115"]
[PlyCount "58"]
[EventDate "2006.11.04"]
[EventType "team"]
[EventRounds "9"]
[EventCountry "SLO"]
[SourceTitle "EXT 2008"]
[Source "ChessBase"]
[SourceDate "2007.11.25"]
[SourceVersion "1"]
[SourceVersionDate "2007.11.25"]
[SourceQuality "1"]

1. d4 Nf6 2. c4 g6 3. Nc3 Bg7 4. Nf3 0-0 5. e4 d6 6. h3 e5 7. dxe5 dxe5 8. Qxd8 Rxd8 9. Bg5 Re8 10. Rd1 c6 11. c5 Nbd7 12. b4 a5 13. a3 axb4 14. axb4 Ra3 15. Rc1 Rb3 16. Bxf6 Bxf6 17. Na2 Nf8 18. Bc4 Rb2 19. 0-0 Be6 20. Bxe6 Nxe6 21. Nc3 Rxb4 22. Rfe1 Rd8 23. Rb1 Rxb1 24. Rxb1 Nxc5 25. Rb4 b5 26. Kf1 Rd3 27. Nxb5 cxb5 28. Rxb5 Nxe4 29. g4 Rxf3 0-1